| 000 | 01420cam a2200373 i 4500 | ||
|---|---|---|---|
| 999 |
_c200453936 _d72148 |
||
| 001 | 200453936 | ||
| 003 | TR-AnTOB | ||
| 005 | 20241118135159.0 | ||
| 007 | ta | ||
| 008 | 220212s2020 tu abd 000 0 tur d | ||
| 035 | _a(OCoLC) | ||
| 040 |
_aSULEY _beng _erda _cSULEY _dTR-AnTOB |
||
| 041 | 0 | _atur | |
| 050 | 1 | _aDK699.N34 | |
| 090 |
_aDK699.N34 _bA947 2020 |
||
| 245 | 0 | 0 |
_aAzerbaycan-Ermenistan Savaşında Ermenistan silahlı kuvvetleri tarafından gerçekleştirilen insan hakları ihlallerine ilişkin rapor (27 Eylül-10 Kasım 2020) / _chazırlayan Hande Hazneci. |
| 250 | _a1. baskı | ||
| 264 | 1 |
_aİstanbul : _bKamu Denetçiliği Kurumu (Ombudsmanlık), _c2020. |
|
| 300 |
_a63 pages : _bphotographs, tables, maps ; _c24 cm |
||
| 336 |
_atext _btxt _2rdacontent |
||
| 337 |
_aunmediated _bn _2rdamedia |
||
| 338 |
_avolume _bnc _2rdacarrier |
||
| 490 | 0 |
_aKamu Denetçiliği Kurumu Yayınları ; _v37 |
|
| 650 | 0 |
_aErmeniler _xTarih _zAzerbaycan _943004 |
|
| 650 | 0 |
_aSuçlar, İnsanlığa karşı _945284 |
|
| 650 | 0 |
_aSavaş suçları _9116255 |
|
| 650 | 0 |
_aİnsan hakları _xSuç unsurları _987014 |
|
| 650 | 7 |
_aDağlık Karabağ Savaşı, 1988-1994 _2etuturkob _9142114 |
|
| 650 | 7 |
_aDağlık Karabağ Savaşı, 2020 _9142115 _2etuturkob |
|
| 700 | 1 |
_aHazneci, Hande _9129998 _eeditor |
|
| 710 | 2 |
_aKamu Denetçiliği Kurumu _eissuing body _9104046 |
|
| 942 |
_2lcc _cBK |
||